00492cam a22001577a 4500008004000000020001500040082001400055245011200069260003700181300000900218650001600227650002000243700002900263700002600292700001600318180718b1992 xxu||||| |||| 00| 0 eng d a0195631641 aY7x54 G25 aNature guides: common butterflies of Indiacby Thomas Gay, Isaac David Kehimkar and Jagdish Chandra Punetha aOxfordbOxford Univ. Pressc1992 a67p. aButterflies aInsects - India aPunetha, Jagdish Chandra aKehimkar, Isaac David aGay, Thomas